| Tag |
First Indicator |
Second Indicator |
Subfields |
| LEADER |
00000cam a2200000 a 4500 |
| 001 |
in00000088598 |
| 005 |
20151008065141.0 |
| 008 |
800716s1980 nyu j 00011 engm |
| 010 |
|
|
|a 80013199
|
| 020 |
|
|
|a 0517539136 :
|c $7.95
|
| 035 |
|
|
|a (OCoLC)06324107
|
| 035 |
|
|
|9 AAK5439AM
|
| 040 |
|
|
|a DLC
|c DLC
|d m.c.
|d TXA
|d UtOrBLW
|
| 049 |
|
|
|a [Curr Col] TXAM
|c [1561206]
|
| 050 |
0 |
0 |
|a PZ7.T8535
|b Hu 1980
|
| 082 |
0 |
|
|a [Fic]
|2 19
|
| 100 |
1 |
|
|a Turner, Ann Warren.
|
| 245 |
1 |
2 |
|a A hunter comes home /
|c by Ann Turner.
|
| 264 |
|
1 |
|a New York :
|b Crown Publishers,
|c [1980]
|
| 264 |
|
4 |
|c ©1980
|
| 300 |
|
|
|a 118 pages ;
|c 24 cm.
|
| 336 |
|
|
|a text
|b txt
|2 rdacontent
|
| 337 |
|
|
|a unmediated
|b n
|2 rdamedia
|
| 338 |
|
|
|a volume
|b nc
|2 rdacarrier
|
| 520 |
|
|
|a Having spent a year away at boarding school learning white man's ways, an Eskimo boy comes home to spend the summer learning old ways from his grandfather.
|
| 650 |
|
1 |
|a Eskimos
|x Fiction.
|
| 650 |
|
1 |
|a Grandfathers
|x Fiction.
|
| 999 |
|
|
|a MARS
|
| 999 |
f |
f |
|s 9b53f9e7-e57c-337c-8a50-d1163301301a
|i e21d7892-73e5-32f8-8c80-987ff395d7ce
|t 0
|
| 952 |
f |
f |
|p normal
|a Texas A&M University
|b College Station
|c Sterling C. Evans Library
|d Evans: Curriculum Collection (4th floor)
|t 0
|e PZ7.T8535 Hu 1980
|h Library of Congress classification
|i unmediated -- volume
|m A14806055335
|
| 998 |
f |
f |
|a PZ7.T8535 Hu 1980
|t 0
|l Evans: Curriculum Collection (4th floor)
|